00671nam a2200241 a 4500001001300000003000900013005001700022008004100039020001000080082001900090100001900109245003600128260003500164300000900199500003500208505001000243650002800253700001900281902000800300942000700308952009900315999001500414nice12345678IN_TiNIC20260116011538.0050524s1933 teha grp 000 0 per  ac10000a398.20955bHED aHedayat, Sadiq aNeyrangastanb Persian Folklore aTehranbDaanishgah Pressc1933 a164p aincludes index and biblioraphy2 aIndex aFolk Literature-Persian1 aHedayat, Sadiq bSRS cBK 00104070aHMIbHMId2007-06-06g100.00l0o398.20955 HEDp4504r2007-06-06w2026-01-16yARB c2499d2499